000 00578nam a22001817a 4500
005 20240130102104.0
008 240130b |||||||| |||| 00| 0 eng d
020 _a9780639008608
041 _aEnglish
082 _a347.6 ZEF
100 _aZeffert, DT ; Paizes, A and Grant, J
_lEnglish
245 _aEssential Evidence /
_cDT Zeffert, A Paizes and J Grant
250 _aSecond Edition
260 _aDurban :
_bLexisNexis (Pty) Ltd,
_c2020
300 _bxviii, 385 pages ;
_c25 cm.
650 _aLegal practice
_bLaw
942 _cBK
_6ALISON_BN_VRIES
999 _c1299
_d1299